000 00609nam a2200229Ia 4500
003 OSt
005 20220918174004.0
006 a|||||r|||| 00| 0
007 ta
008 220917b |||||||| |||| 00| 0 eng d
024 _a9,648
037 _cTextual
040 _aARTS
_cARTS
_beng
041 _2eng
_aeng
082 _aM1, H9 (RR)
245 0 _aManual of style ed University of Chicago Press
260 _aChicago
_bUniversity of Chicago Press
_c1949
500 _a1965 Reprint of 1949
650 _aINDUSTRIAL ARTS
942 _hM1, H9 (RR)
_cTEXL
_2CC
999 _c151286
_d151286